IFM Opac

The Legal Position of Taxpayers in Tanzania: (Record no. 22158)

MARC details
000 -LEADER
fixed length control field 00498nam a22001217a 4500
020 ## - INTERNATIONAL STANDARD BOOK NUMBER
ISBN 978-94-043-2194-0
082 ## - DEWEY DECIMAL CLASSIFICATION NUMBER
Classification number 336.2900678
100 ## - MAIN ENTRY--AUTHOR NAME
Personal name Zahor, Talib S.
245 ## - TITLE STATEMENT
Title The Legal Position of Taxpayers in Tanzania:
Sub Title A Comperative Study of the Tax System of Tanzania and the United Kingdom on the Promotion of Taxpayers Rights Especially with Respect to Legal Persons Subjected to Corporate Income Tax
260 ## - PUBLICATION, DISTRIBUTION, ETC. (IMPRINT)
Place of publication Dar es salaam:
Name of publisher Taxpayers
Year of publication 2019
300 ## - PHYSICAL DESCRIPTION
Number of Pages 411p.: ill.; 24cm
942 ## - ADDED ENTRY ELEMENTS (KOHA)
Koha item type Books
Holdings
Withdrawn status Lost status Damaged status Not for loan Collection code Permanent Location Current Location Shelving location Date acquired Source of acquisition Full call number Accession Number Price effective from Koha item type
        Non-fiction IFM Main Campus Library IFM Main Campus Library Work Room processing 01/14/2026 Purchased 336.2900678 ZAH 0000030917 01/14/2026 Books
        Non-fiction IFM Main Campus Library IFM Main Campus Library Work Room processing 01/14/2026 Purchased 336.2900678 ZAH 0000030916 01/14/2026 Books
        Non-fiction IFM Main Campus Library IFM Main Campus Library Work Room processing 01/14/2026 Purchased 336.2900678 ZAH 0000030915 01/14/2026 Books
        Non-fiction IFM Main Campus Library IFM Main Campus Library Work Room processing 01/16/2026 Purchased 336.2900678 ZAH 0000030940 01/16/2026 Books
        Non-fiction IFM Main Campus Library IFM Main Campus Library Work Room processing 01/16/2026 Purchased 336.2900678 ZAH 0000030939 01/16/2026 Books
        Non-fiction IFM Main Campus Library IFM Main Campus Library Work Room processing 01/16/2026 Purchased 336.2900678 ZAH 0000030938 01/16/2026 Books